| 000 | 00482nam a2200193Ia 4500 | ||
|---|---|---|---|
| 003 | GCL | ||
| 008 | 140319s9999 xx 000 0 eng d | ||
| 040 |
_aGCL / _cGCL |
||
| 082 | 0 | 4 |
_a709.0342 _bD E |
| 100 | 1 | _aDESCHAMPS, PAUL | |
| 245 | 1 | 0 |
_aEGLISES ROMANES DE FRANCE / _cDESCHAMPS, PAUL |
| 260 |
_a[S.N] : _bDIDIER ، _c1948 |
||
| 300 | _a64 P P | ||
| 650 | 0 | 4 | _aROMAN ART |
| 650 | 0 | 4 | _aARTS |
| 650 | 0 | 4 | _aROMAN - ARCHITECTURE |
| 650 | 0 | 4 | _aROMAN SCLUPTURE |
| 942 |
_2ddc _cBK |
||
| 999 |
_c12195 _d12195 |
||